| 000 | 00986cab a2200361 4500 | ||
|---|---|---|---|
| 001 | ABS59928 | ||
| 008 | 090401t1999 xxu||||| |||| 00| 0 eng d | ||
| 035 | _a(Sirsi) u90739 | ||
| 041 | _aeng | ||
| 245 | _aFocus 99: Sussex | ||
| 260 | _c1999 | ||
| 350 | _a0 | ||
| 490 |
_aEstates Gazette _v(9902) 16 January 1999, 69-107(16) |
||
| 650 | _aBRIGHTON | ||
| 650 | _aCHICHESTER | ||
| 650 | _aCRAWLEY | ||
| 650 | _aEASTBOURNE | ||
| 650 | _aGATWICK | ||
| 650 | _aHASTINGS | ||
| 650 | _aHORSHAM | ||
| 650 | _aHOUSING ISSUES | ||
| 650 | _aLEISURE MARKET | ||
| 650 | _aPROPERTY-COMMERCIAL PROPERTY-OFFICE PROPERTY-OFFICE PROPERTY MARKET | ||
| 650 | _aPLANNING POLICY | ||
| 650 | _aPROPERTY-COMMERCIAL PROPERTY-RETAIL PROPERTY-RETAIL PROPERTY MARKET | ||
| 650 | _aSUSSEX | ||
| 650 | _aTRAFFIC CONGESTION | ||
| 650 | _aWEST SUSSEX | ||
| 650 | _aWORTHING | ||
| 690 | _aPROPERTY-COMMERCIAL PROPERTY-COMMERCIAL PROPERTY MARKET | ||
| 942 | _n0 | ||
| 948 | _c15/01/1999 | ||
| 999 |
_c57539 _d57539 |
||